00683nai a2200169Ia 4500003000900000008004100009022002200050022002300072040001600095245006500111260008600176310001200262362002500274521006900299650005700368856008800425IN-BaIIA211028c9999 xx s 000 0 eng d a0733-8716 (Print) a1558-0008 (Online) cIIA Library 0aIEEE Journal on Selected Areas in Communicationsh[eJournal] aNew York, USAbThe Institute of Electrical and Electronics Engineers, Inc. (IEEE) aMonthly a1(1); 1983 - Present bSubscribed through National Knowledge Resource Consortium (NKRC) aCommunication, Networking and Broadcast Technologies uhttps://ieeexplore.ieee.org/servlet/opac?punumber=49yClick Here to Access eJournal